|
|
|
|
| LEADER |
00000nam1a2200000 4500 |
| 001 |
108730 |
| 005 |
20231031115754.0 |
| 035 |
|
|
|a (RuTPU)RU\TPU\book\117377
|
| 090 |
|
|
|a 108730
|
| 100 |
|
|
|a 20070124d2005 m y0rusy50 ca
|
| 101 |
0 |
|
|a rus
|
| 102 |
|
|
|a RU
|
| 200 |
1 |
|
|a Банк задач по физике
|f В. И. Веретельник [и др.]
|g Томский политехнический университет; Центр довузовской подготовки
|
| 210 |
|
|
|a Томск
|c Изд-во ТПУ
|d 2005
|
| 701 |
|
1 |
|a Веретельник
|b В. И.
|c физик
|c доцент Томского политехнического университета, кандидат физико-математических наук
|f 1945-
|g Владимир Иванович
|2 stltpush
|
| 701 |
|
1 |
|a Сивов
|b Ю. А.
|c физик
|c доцент Томского политехнического университета, кандидат физико-математических наук
|f 1938-
|g Юрий Александрович
|2 stltpush
|
| 701 |
|
1 |
|a Толмачева
|b Н. Д.
|c физик
|c доцент Томского политехнического университета, кандидат химических наук
|f 1944-
|g Нелла Дмитриевна
|2 stltpush
|
| 701 |
|
1 |
|a Хоружий
|b В. Д.
|c физик
|c доцент Томского политехнического университета, кандидат физико-математических наук
|f 1940-
|g Владимир Дмитриевич
|2 stltpush
|
| 712 |
0 |
2 |
|a Томский политехнический университет (ТПУ)
|b Центр довузовской подготовки
|2 stltpush
|3 (RuTPU)RU\TPU\col\1322
|
| 801 |
|
1 |
|a RU
|b 63413507
|c 20070124
|g PSBO
|
| 801 |
|
2 |
|a RU
|b 63413507
|c 20170629
|g PSBO
|
| 942 |
|
|
|c BK
|